|
|
|
|
| LEADER |
00000cam a2200000 a 4500 |
| 001 |
vtls001106693 |
| 003 |
SK-MaSNL |
| 005 |
20260301001406.0 |
| 008 |
251029s1976 xo f 00000 slo |
| 015 |
|
|
|a SNBA1976
|
| 035 |
|
|
|a SNK000049535
|
| 040 |
|
|
|a SNK
|b slo
|c SNK
|e AACR2
|
| 041 |
0 |
|
|a slo
|
| 044 |
|
|
|a xo
|c SK
|
| 080 |
|
|
|a 330.522:330.31(047.31)
|2 1981
|
| 080 |
|
|
|a 330.142.211(047.31)
|2 1981
|
| 100 |
1 |
|
|a NEAMTU, Marián
|4 aut
|9 279632
|
| 245 |
1 |
0 |
|a Niektoré otázky reprodukcie základných fondov
|c Marián Neamtu
|
| 260 |
|
|
|a Bratislava
|b Ekonomický ústav SAV
|c 1976
|
| 300 |
|
|
|a 48 s.
|b grafy, tab.
|c 29 cm
|
| 366 |
|
|
|e 120 výt.
|
| 490 |
1 |
|
|a Výskumné štúdie a informácie. 2. rad: Ekonomické štúdie
|v č. 50/1974
|
| 500 |
|
|
|a Účelová publikácia
|
| 504 |
|
|
|a Bibliogr. odkazy
|
| 650 |
0 |
7 |
|a socializmus
|2 SNKPH
|9 2151
|
| 650 |
0 |
7 |
|a ekonomika
|2 SNKPH
|9 789
|
| 650 |
0 |
7 |
|a základné fondy
|2 SNKPH
|9 279633
|
| 650 |
0 |
7 |
|a reprodukcia (ekonómia)
|2 SNKPH
|9 161121
|
| 655 |
|
7 |
|a štúdie
|2 SNKPH
|9 57033
|
| 830 |
|
0 |
|a Výskumné štúdie a informácie. 2. rad: Ekonomické štúdie
|9 279634
|
| 958 |
|
|
|a OND
|
| 958 |
|
|
|a NB
|
| 958 |
|
|
|a RM
|
| 999 |
|
|
|c 534793
|d 536723
|
| 952 |
|
|
|a SNK
|b SNK
|y PREZ
|7 0
|p 17A0942743
|o snkSB 24770
|i snkKSP 1677/77
|0 0
|1 0
|4 0
|d 2014-06-25
|f 1
|l 0
|r 2026-02-23 12:21:51
|w 2026-02-23
|